Audio visual aids : (Record no. 128336)

MARC details
000 -LEADER
fixed length control field 00801nam a22002537a 4500
003 - CONTROL NUMBER IDENTIFIER
control field dpl
005 - DATE AND TIME OF LATEST TRANSACTION
control field 20180710171132.0
008 - FIXED-LENGTH DATA ELEMENTS--GENERAL INFORMATION
fixed length control field 180602b xxu||||| |||| 00| 0 eng d
010 ## - LIBRARY OF CONGRESS CONTROL NUMBER
LC control number A-940593, A-940597
020 ## - INTERNATIONAL STANDARD BOOK NUMBER
Terms of availability 200.00
International Standard Book Number 819008410
035 ## - SYSTEM CONTROL NUMBER
System control number A-940593 ,A-940594
037 ## - SOURCE OF ACQUISITION
Source of stock number/acquisition Cen Lib/Ret
040 ## - CATALOGING SOURCE
Original cataloging agency DPL
Language of cataloging EN
Transcribing agency 0
082 ## - DEWEY DECIMAL CLASSIFICATION NUMBER
Classification number 371.33
Item number RED
100 ## - MAIN ENTRY--PERSONAL NAME
Personal name Reddy, Yella N.
9 (RLIN) 23084
245 ## - TITLE STATEMENT
Title Audio visual aids :
Statement of responsibility, etc by N. Yella Reddy
Remainder of title in teachnig, training and extension /
260 ## - PUBLICATION, DISTRIBUTION, ETC. (IMPRINT)
Place of publication, distribution, etc Hyderabad
Name of publisher, distributor, etc Haritha publishing house
Date of publication, distribution, etc 1998
270 ## - ADDRESS
Address 3-5-134/B Narayangunda
City Hyderabad
Postal code 500029
300 ## - PHYSICAL DESCRIPTION
Extent 384p.
Dimensions 23cm(Hb)
500 ## - GENERAL NOTE
General note Includes glossary
650 ## - SUBJECT ADDED ENTRY--TOPICAL TERM
Topical term or geographic name as entry element Education
9 (RLIN) 1169
650 ## - SUBJECT ADDED ENTRY--TOPICAL TERM
Topical term or geographic name as entry element Audio visual education
9 (RLIN) 102388
942 ## - ADDED ENTRY ELEMENTS (KOHA)
Source of classification or shelving scheme Dewey Decimal Classification
Koha item type English Books
Classification part 371.33
Call number suffix RED
Holdings
Withdrawn status Lost status Damaged status Not for loan Collection code Home library Current library Date acquired Source of acquisition Cost, normal purchase price Total Checkouts Full call number Barcode Date last seen Copy number Cost, replacement price Price effective from Koha item type Source of classification or shelving scheme Coded location qualifier
      Not For Loan Reference Central Library Central Library 02/07/2015 Cen Lib/Ret 200.00   371.33 RED A-940593 02/07/2015 1 200.00 02/07/2015 English Books    
        Non-fiction Patel Nagar Patel Nagar 10/07/2018   200.00   371.33 RED A-940594 10/07/2018   200.00 10/07/2018 English Books Dewey Decimal Classification BPPD/PUB
        Non-fiction Shahdara Branch Shahdara Branch 02/06/2018 BPPD/PUB 200.00   371.33 RED A-940597 02/06/2018   200.00 02/06/2018 English Books Dewey Decimal Classification  

© Delhi Public Library
Hit Counter
free hit counter